000 00745cam a2200253 a 4500
001 2366392
003 GBCCL
005 20241126110345.0
008 840104s1983 ii r 000 0deng
010 _a 83905611
020 _cRs10.00. ($3.00 U.S.)
040 _aDLC
_cDLC
_dDLC
043 _aa-ii---
050 0 0 _aBR1155
_b.A63 1983
082 0 0 _a275.4092
_aB
_219
_bAPR
100 0 _aAprem,
_cMar,
_d1940-
_91069
245 1 0 _aIndian Christian who is who /
_cby Mar Aprem.
260 _a[Bombay] :
_bBombay Parish Church of the East,
_c1983.
300 _a210 p. ;
_c22 cm.
650 0 _aChristians
_zIndia
_vDirectories.
_91070
651 0 _aIndia
_vDirectories.
_91071
906 _a7
_bcbc
_corignew
_d3
_encip
_f19
_gy-gencatlg
942 _2ddc
_cBK
999 _c766
_d766